[Event "ECU Clasif2 U20"]
[Site "Chess.com INT"]
[Date "2020.12.18"]
[Round "1"]
[White "Espichan Serna, Luis Ricardo"]
[Black "Penafiel Mendoza, Josselyne Stefania"]
[Result "0-1"]
[WhiteElo "1019"]
[BlackElo "1807"]
[PlyCount "98"]
[EventDate "2020.12.18"]
[EventType "swiss"]
[EventRounds "9"]
[EventCountry "ECU"]
[SourceTitle "EXT 2022"]
[Source "ChessBase"]
[SourceDate "2021.10.06"]
[SourceVersion "1"]
[SourceVersionDate "2021.10.06"]
[SourceQuality "1"]

1. e4 c5 2. Nf3 d6 3. d4 cxd4 4. Nxd4 Nf6 5. Nc3 Nc6 6. Bc4 e6 7. 0-0 Be7 8. Re1 0-0 9. Nxc6 bxc6 10. e5 dxe5 11. Qxd8 Rxd8 12. Rxe5 Rd4 13. Bd3 Nd5 14. Nxd5 cxd5 15. Bd2 Bf6 16. Ree1 Rh4 17. g3 Ra4 18. c3 Bd7 19. Bc2 Rc4 20. Bb3 Rcc8 21. Bf4 a5 22. Bc2 d4 23. Be4 Ra7 24. cxd4 Bxd4 25. Be3 Bxe3 26. Rxe3 Rac7 27. Ree1 e5 28. Kf1 Bh3+ 29. Kg1 Rb8 30. b3 Rbc8 31. Rad1 g6 32. Rb1 Rc5 33. Bd3 Kg7 34. Rbd1 R8c7 35. Ra1 Rc3 36. Be4 f5 37. Bg2 Bxg2 38. Kxg2 Rc2 39. Rxe5 Ra7 40. Ree1 a4 41. bxa4 Rxa4 42. a3 f4 43. gxf4 Rxf4 44. Re3 Rfxf2+ 45. Kg1 Rxh2 46. Ree1 Rcg2+ 47. Kf1 Rb2 48. Kg1 h5 49. Rad1 Kh6 0-1

[Event "ECU Clasif2 U20"]
[Site "Chess.com INT"]
[Date "2020.12.18"]
[Round "2"]
[White "Vega Paucar, Emely Bachellet"]
[Black "Espichan Serna, Luis Ricardo"]
[Result "1-0"]
[WhiteElo "1861"]
[BlackElo "1019"]
[PlyCount "49"]
[EventDate "2020.12.18"]
[EventType "swiss"]
[EventRounds "9"]
[EventCountry "ECU"]
[SourceTitle "EXT 2022"]
[Source "ChessBase"]
[SourceDate "2021.10.06"]
[SourceVersion "1"]
[SourceVersionDate "2021.10.06"]
[SourceQuality "1"]

1. e4 c5 2. Nf3 d6 3. d4 cxd4 4. Nxd4 Nf6 5. Nc3 a6 6. Bg5 e6 7. f4 Be7 8. Qd2 0-0 9. 0-0-0 Qc7 10. Be2 b5 11. Bf3 Bb7 12. Rhe1 Rd8 13. a3 Nc6 14. Nxc6 Bxc6 15. Qd3 Rd7 16. Ne2 Rad8 17. Nd4 Bb7 18. Kb1 d5 19. e5 Ne8 20. Bxe7 Rxe7 21. g4 Qb6 22. f5 Nc7 23. f6 gxf6 24. exf6 Red7 25. Qe3 1-0

[Event "ECU Clasif1 U20"]
[Site "Chess.com INT"]
[Date "2020.12.17"]
[Round "8"]
[White "Espichan Serna, Luis Ricardo"]
[Black "Buestan Brito, Anaela Elizabeth"]
[Result "1-0"]
[WhiteElo "1019"]
[BlackElo "1725"]
[PlyCount "89"]
[EventDate "2020.12.17"]
[EventType "swiss"]
[EventRounds "9"]
[EventCountry "ECU"]
[SourceTitle "EXT 2022"]
[Source "ChessBase"]
[SourceDate "2021.10.06"]
[SourceVersion "1"]
[SourceVersionDate "2021.10.06"]
[SourceQuality "1"]

1. e4 c5 2. Nf3 Nc6 3. d4 cxd4 4. Nxd4 g6 5. Nc3 Bg7 6. Be3 Nf6 7. Bc4 0-0 8. 0-0 Nxe4 9. Nxe4 d5 10. Nxc6 bxc6 11. Bb3 dxe4 12. c3 a5 13. Qxd8 Rxd8 14. Rad1 Bh3 15. gxh3 e5 16. Kg2 a4 17. Bc2 f5 18. f3 Rab8 19. fxe4 f4 20. Bc1 Rf8 21. Kf3 h6 22. Rd7 g5 23. Rfd1 Kh7 24. Re7 Rg8 25. Rdd7 h5 26. Rc7 Kh8 27. Rxc6 g4+ 28. hxg4 hxg4+ 29. Kf2 Kh7 30. Rcc7 Rbf8 31. b3 axb3 32. Bxb3 Kh6 33. Bxg8 Rxg8 34. Bb2 Bf6 35. Re6 Kg5 36. Rcc6 Rg6 37. c4 g3+ 38. hxg3 fxg3+ 39. Kg2 Rh6 40. Kxg3 Kg6 41. Rxf6+ Kg7 42. Rxh6 Kf7 43. Rh7+ Kg8 44. Rb7 Kf8 45. Rc8# 1-0